000 00358pab a2200157 454500
008 180718b2010 xxu||||| |||| 00| 0 eng d
100 _aRajitha, G.
245 _aICT: E-governance for improving rural livelihood
260 _c2010
300 _ap.43-47.
362 _aNov
650 _aE governance
773 _aYojana
908 _aN
909 _a89429
999 _c89429
_d89429